Sporcle Theme Scramble Quiz Stats

 Plays Quiz Updated Mar 12, 2020

Support Sporcle.
Go Orange.
Score 0/105 Timer 12:00
3 Plays Today
category word % Correct
EntertainmentHALL
92.8%
GeographyCHAD
91.1%
MiscellaneousCARL
88.6%
ScienceOXYGEN
88.3%
TelevisionOXYGEN
88.3%
EntertainmentBALL PARK
88%
SportsFOOTBALL
86.4%
HolidayFOOTBALL
86.4%
SportsRUGBY
86.1%
HolidayFIREWORKS
84.9%
LanguageFRENCH
83.9%
HistoryAZTEC
82.5%
SportsSOCCER
82.1%
GeographyEGYPT
81.5%
ScienceHYDROGEN
81.3%
Sports*GOAL SPORTS*
81.1%
TelevisionGOLF
81%
EntertainmentARENA
80.7%
MusicBACH
80.6%
ScienceCARBON
80.5%
SportsBASKETBALL
80.4%
Movies*JOHN WAYNE FILMS*
80.2%
SportsHOCKEY
80%
Religion*BIBLE BOOKS*
79.9%
ScienceSULFUR
78.3%
Just For FunJOTTO
78.3%
Literature*POE POEMS*
78.2%
Gaming*CARD GAMES*
77.8%
MoviesTRUE GRIT
77.7%
LiteratureTHE BELLS
77.6%
Entertainment*VENUES*
76.7%
LanguageITALIAN
76.6%
HolidayPARTY
75.4%
Just For Fun*WORD PUZZLES*
75.4%
GamingPOKER
75.2%
category word % Correct
GeographyNIGER
74.9%
GamingMAGIC THE GATHERING
74.8%
SciencePHOSPHORUS
74.5%
ScienceNITROGEN
74%
LiteratureTHE RAVEN
74%
HolidayGAMES
73.9%
HistoryMONGOL
73.7%
MoviesROOSTER COGBURN
73.5%
EntertainmentTHEATER
73.5%
LiteratureELDORADO
73.3%
MoviesEL DORADO
73.3%
Just For FunANAGRAM
72.7%
Language*ROMANCE LANGUAGES*
71.1%
MusicMOZART
70.6%
GamingRUMMY
70.2%
Television*CABLE CHANNELS*
69.8%
TelevisionBRAVO
69.5%
History*GREAT EMPIRES*
69.5%
EntertainmentOPERA HOUSE
69.3%
Music*COMPOSERS*
68.5%
Just For FunSPOONERISM
68.2%
LanguageSPANISH
68.2%
GeographySUDAN
67.9%
GamingBLACKJACK
67.9%
Just For FunREBUS
67.8%
LiteratureTO HELEN
67.6%
HolidayDINNER
67.3%
Miscellaneous*C BOY NAMES*
66.7%
MiscellaneousCOLIN
65.2%
MoviesDAKOTA
65%
Geography*LIBYA BORDERS*
64.3%
ReligionEZRA
64.3%
Just For FunCROSSWORD
62.6%
MiscellaneousCONNER
61.8%
Holiday*NEW YEAR'S ACTIVITIES*
61.6%
category word % Correct
MiscellaneousCALVIN
61.4%
HolidayPARADE
60.9%
MiscellaneousCORNELIUS
60.6%
ReligionJOSHUA
60.5%
HistoryRUSSIAN
59.9%
Just For FunWORD LADDER
59.8%
GeographyALGERIA
59.1%
SportsLACROSSE
58.2%
MiscellaneousCHARLES
58%
EntertainmentSTADIUM
56.6%
GeographyTUNISIA
56.3%
HistoryBRITISH
54.9%
ReligionISAIAH
54.3%
LanguageCATALAN
52.3%
LanguagePORTUGUESE
48.4%
GamingCANASTA
45.4%
MoviesSTAGECOACH
43%
TelevisionHISTORY
42.4%
ReligionMATTHEW
41.9%
Science*NONMETAL ELEMENTS*
41.2%
HistoryOTTOMAN
41.2%
TelevisionSCIENCE
40.2%
MusicWILLIAMS
39.1%
LiteratureLENORE
38.4%
LiteratureANNABEL LEE
36.8%
MusicDVORAK
36%
GamingEUCHRE
35.5%
ReligionCOLOSSIANS
33.3%
MusicBERNSTEIN
32.7%
LanguageROMANSH
28.5%
MusicMENDELSSOHN
23.7%
ReligionPHILEMON
20.1%
MoviesTHE SHOOTIST
16.9%
HistoryMUGHAL
15.9%
TelevisionSMITHSONIAN
4.7%

From the Vault

Are You Color-Blind?

by Probo11

Hopefully you already know the answer to this question.
Remove Ads.
Support Sporcle.
Get the best of Sporcle when you Go Orange. This ad-free experience offers more features, more stats, and more fun while also helping to support Sporcle. Thank you for becoming a member.

Show Comments

Extras

Top Quizzes Today


Score Distribution

Your Account Isn't Verified!

In order to create a playlist on Sporcle, you need to verify the email address you used during registration. Go to your Sporcle Settings to finish the process.

Report this User

Report this user for behavior that violates our Community Guidelines.

Details: